000 00307nam a22001337a 4500
020 _a9788183211857
082 _a660
_bSHO/FO
100 _aShobha A Udipi
_9203
245 _aFood Irradiation
260 _aUdaipur
_bAgrotech Pub
_c2010
300 _a256
650 _aFood Irradiation
_9204
942 _cBK
999 _c14167
_d14167